00885nam a2200265 a 4500008004100000020003200041040002500073041001300098044001100111080001000122100002300132245010800155250001300263260004800276300002800324490001700352500001000369700002800379700002800407700002400435700004100459958000600500999001700506952009600523951213s1977||||[C 0 slo c c40 Kčs. q(36000 výtl.) aSNKbslocSNKeAACR21 asloheng axocSK a820-31 aMurdoch, Iris4aut10aČierny princcIris Murdoch ; Jarmila Samcová, Miloš Urbásek, Jozef Gális, William Shakespeare a1., vyd. aBratislavabSmenac1977eBratislavafPravda a375 s., 27,28 AHc21 cm0 aEvavZv. 53. aPozn.1 aSamcová, Jarmila4trl1 aUrbásek, Miloš4bkd1 aGális, Jozef4bkd1 aShakespeare, Williamd1564-16164oth aA c12254d12254 001040708Ka10000b10000d2019-11-29g40.00i11548oB 5674r2019-11-29w2019-11-29yKLDO